Finančná analýza vybraného podniku odvetvia stavebníctva diplomová práca

Gespeichert in:
Bibliographische Detailangaben
1. Verfasser: Václavík, Lukáš
Körperschaft: Fakulta podnikového manažmentu EU. Katedra podnikovohospodárska
Weitere Verfasser: Uhliar, Miroslav, 1981-
Format: Buch
Sprache:Slowakisch
Veröffentlicht: Bratislava 2016
Tags: Tag hinzufügen
Keine Tags, Fügen Sie das erste Tag hinzu!

MARC

LEADER 00000nbm a2200000 4500
001 0218232
005 20170123143058.7
041 0 |a slo 
044 |a SK 
245 1 0 |a Finančná analýza vybraného podniku odvetvia stavebníctva  |b diplomová práca  |c Lukáš Václavík ; školiteľ: Miroslav Uhliar 
264 1 |a Bratislava  |c 2016 
300 |a 98 s. 
100 1 |a Václavík, Lukáš 
700 1 |a Uhliar, Miroslav, 1981- 
710 2 |a Fakulta podnikového manažmentu EU. Katedra podnikovohospodárska